000 00371nab a22001097u 4500
008 130520b2004 xxu||||| |||| 00| 0 spa d
041 _aspa
100 1 _aConway, Eamonn
_948287
245 0 0 _aTeologías vigentes del sacerdocio: ¿Han contribuido al abuso sexual a niños?
_cEamonn Conway
773 0 _tConcilium
_gnº306,2004,págs. 91-110
_x0210-1041
_wRev134
942 _cAR
999 _c370063
_d370063